| 000 | 01095cad a22001935a 4500 | ||
|---|---|---|---|
| 001 | L153891 | ||
| 008 | 110916s2011 xxk f 000 0 eng d | ||
| 035 | _a(Sirsi) u153891 | ||
| 041 | 0 | _aeng | |
| 110 | 2 |
_aRoyal Institute of British Architects _92527 |
|
| 245 | 0 | 4 |
_aThe case for space _bthe size of England's new homes _h[electronic resource] |
| 260 |
_aLondon _bRIBA _c2011 |
||
| 520 | _aResearch looks at a snapshot of new homes and the space inside them. Found that the average new home in England is only 92% of the Greater London Authority recommended minimum size. Suggests improvements in marketing information such as a clear display of the floor area of homes on all promotional material and the publishing of data about the size and quality of new homes. | ||
| 590 | _aKA NTK | ||
| 651 | 4 |
_aEngland _y886- |
|
| 690 | _aPROPERTY-RESIDENTIAL PROPERTY-DOMESTIC RESIDENTIAL PROPERTY-HOUSING | ||
| 856 | 4 | 0 |
_uhttps://www.architecture.com/Files/RIBAHoldings/PolicyAndInternationalRelations/HomeWise/CaseforSpace.pdf _zView the research free of charge at www.architecture.com |
| 942 | _n0 | ||
| 999 |
_c112751 _d112751 |
||